| 000 | 00771nam a22002417a 4500 | ||
|---|---|---|---|
| 005 | 20170124110039.0 | ||
| 010 | _aA-702239 | ||
| 020 |
_c00.00 _a8170187680 |
||
| 035 | _aA-702239 | ||
| 037 | _bCen Lib/Ret | ||
| 040 |
_aDPL _bEN |
||
| 082 |
_a884 _bMAH |
||
| 100 |
_aMahapatra, Sitakant _94243 |
||
| 245 |
_aDiscovering the inscape : _cby Sitakant Mahapatra _bessays on literature / |
||
| 260 |
_aNew Delhi _bB. R. Publishing Corporation _c1993 |
||
| 270 |
_bNew Delhi _a29/9, nangia park, shakti nagar _e110007 |
||
| 300 |
_aiii, 146p. _c21cm(Hb) |
||
| 490 |
_aNew world literature series _vno. 73 |
||
| 500 | _aIncludes index | ||
| 650 |
_aOriya literature _923291 |
||
| 650 |
_aLiterary criticism _923292 |
||
| 942 |
_2ddc _cEN _h884 _mMAH |
||
| 999 |
_c128407 _d128407 |
||